| 000 | 00392nam a22001217a 4500 | ||
|---|---|---|---|
| 082 | _aTHE 200 | ||
| 100 |
_aTARIQ MEHMOOD _972823 |
||
| 245 | _aTH-SOF-0782- EVALUATION OF FACULTY INVOLMENT IN E LEARNING AT HIGHER EDUCATION INSTITUTIONS OF PAKIDTAN | ||
| 260 |
_aNUST COLLEGE OF EME _bISLAMABAD _c2001 |
||
| 650 |
_a MS-EM-6 MSTHESIS _970416 |
||
| 700 |
_aDR. AKHTAR NAWAZ _920936 |
||
| 942 | _cCF | ||
| 999 |
_c578806 _d578806 |
||